| 000 | 01632cam a22003135a 4500 | ||
|---|---|---|---|
| 001 | 12032843 | ||
| 005 | 20210414114126.0 | ||
| 008 | 000607s2000 cau 000 0 eng | ||
| 010 | _a 00105385 | ||
| 020 | _a0782127568 | ||
| 040 |
_aDLC _cDLC _dDLC |
||
| 042 | _apcc | ||
| 050 | _aQA76.3.D6841 | ||
| 100 | 1 | _aDesai, Anil. | |
| 245 | 1 | 0 |
_aMCSE windows 2000 directory services administration. / _cAnil Desai, James Chellis. |
| 250 | _a1st. | ||
| 260 |
_aAlameda, CA : _bSybex Inc, _c2000. |
||
| 263 | _a0007 | ||
| 300 |
_alvii, 707 p. : _c24cm. _bills. |
||
| 500 | _aIncludes index. | ||
| 505 | _aContents: Overview of the active directory -- Integrating DNS with the active directory -- Installing and configuring the active directory -- Creating and managing organizational units -- Installing and managing trees and forests -- Configuring sites and managing replication -- Administering the active directory -- Active directory security -- Active directory optimization and reliability -- Managing group policy -- Software deployment through group policy -- Installing and configuring RIS -- Appendix A: Practice exam -- Appendix B: Planning the active directory. | ||
| 700 | 1 | _aChellis, James. | |
| 856 | 4 | 2 |
_3Contributor biographical information _uhttp://www.loc.gov/catdir/enhancements/fy0610/00105385-b.html |
| 856 | 4 | 2 |
_3Publisher description _uhttp://www.loc.gov/catdir/enhancements/fy0610/00105385-d.html |
| 856 | 4 | 1 |
_3Table of contents only _uhttp://www.loc.gov/catdir/enhancements/fy0610/00105385-t.html |
| 906 |
_bibc _corignew _d2 _eepcn _f20 _gy-gencatlg |
||
| 942 |
_2lcc _cBK |
||
| 999 |
_c2124 _d9624 |
||